| 000 | 01021nam a22002537a 4500 | ||
|---|---|---|---|
| 005 | 20170124103102.0 | ||
| 010 | _aA-482612 | ||
| 020 | _c125.00 | ||
| 035 | _aA-482612 | ||
| 037 | _bCen Lib/Ret | ||
| 040 |
_aDPL _bHN |
||
| 082 |
_aउ _bशुक्लभ |
||
| 100 |
_aशुक्ल, भपेन्द्रनाथ _9130 |
||
| 245 |
_aसंकल्प की प्रितिमूरती / _cभपेन्द्रनाथ शुक्ल |
||
| 246 |
_aSankalp ki primurti / _bby Bhapendranath Shukal |
||
| 260 |
_aनयी दिल्ली _bप्रवीन प्रकाशन _c1991 |
||
| 270 |
_a1/1079-ई, महरौली _bनयी दिल्ली _e110030 |
||
| 300 |
_a237पृ. _c19सेमी(सजिल्द) |
||
| 650 |
_aसाहित्य--कथा _942948 |
||
| 650 |
_aहिंदी--उपन्यास _977365 |
||
| 650 |
_aLiterature--Fiction _977366 |
||
| 650 |
_aHindi--Fiction _927248 |
||
| 942 |
_2ddc _cHN _hउ _mशुक्लभ |
||
| 999 |
_c117893 _d117893 |
||